• 首页
  • 本馆介绍
  • 公告通知
  • 最新文献
  • 馆藏检索
  • 电子资源
  • 读者导购
  • 参考咨询
  • 我的图书馆
  • 登录
  • 详细信息显示
  • 放入我的书架
  • 预约/预借图书
  • 作者相关作品
  • 分类相关作品
  • 丛书相关作品
  • 出版社相关作品

书目信息

  • 表格格式
  • 工作单格式
  • 卡片格式
题名:
中国创新管理前沿
    
 
作者: 柳卸林 主编
分册: 第一辑  
出版信息: 北京   北京理工大学出版社  2004
页数: 250页
开本: 23cm
丛书名:
单 册:
中图分类: F279.23-53 , C93
科图分类:
主题词: 企业管理--中国--文集 , 企业管理 , 管理学
电子资源:
ISBN: 7-5640-0266-2
000 00914nam0 2200277 450
000 00881nam0 2200253 450
000 00808nam0 2200229 450
000 00772nam0 2200217 450
005 20070517163429.73
010    @a7-5640-0266-2@dCNY34.00
100    @a20060606d2004 em y0chiy0110 ea
101 0  @achi
102    @aCN@b110000
105    @ay z 000yy
200 1  @a中国创新管理前沿@Azhong guo chuang xin guan li qian yan@h第一辑@f柳卸林主编
210    @a北京@c北京理工大学出版社@d2004
215    @a250页@d23cm
330    @a本文集收录的理论文章对全球化背景下中国企业如何开展有效的竞争,FDI对中国企业技术创新的影响,以及如何通过创新的网络来提高中国企业的竞争力等进行讨论。
606 0  @a企业管理@y中国@j文集
606 0  @a企业管理
606 0  @a管理学
690    @aF279.23-53@v4
690    @aC93@v3
701  0 @a柳卸林@Aliu xie lin@4主编
801  0 @aCN@bTAOJIN@c20070517
905    @a10447@dC93@e279
    
    中国创新管理前沿.第一辑/柳卸林主编.-北京:北京理工大学出版社,2004
    250页;23cm
    
    
    ISBN 7-5640-0266-2:CNY34.00
    本文集收录的理论文章对全球化背景下中国企业如何开展有效的竞争,FDI对中国企业技术创新的影响,以及如何通过创新的网络来提高中国企业的竞争力等进行讨论。
●
相关链接 在E读中查询图书 在五车中查询图书 在当当中查询图书 在豆瓣中查询图书


正题名:中国创新管理前沿     索取号:C93/279         预约/预借

序号 登录号 条形码 馆藏地/架位号 状态 备注
1 0521094   205210948   第一样本阅览室/ [索取号:C93/279] 在馆    
2 0521095   205210957   第一借阅区/ [索取号:C93/279] 在馆    
3 0521096   205210966   第一借阅区/ [索取号:C93/279] 在馆    
唐山师范学院图书馆 欢迎您!
大连网信软件有限公司© 版权所有